[Event "GER-ch Seniors 65"]
[Site "Hamburg"]
[Date "2018.07.25"]
[Round "5"]
[White "Ludwig, Siegfried"]
[Black "Reeh, Axel"]
[Result "0-1"]
[WhiteElo "1590"]
[BlackElo "1696"]
[PlyCount "105"]
[EventDate "2018.07.21"]
[EventType "swiss"]
[EventRounds "9"]
[EventCountry "GER"]
[SourceTitle "CBM 186 Extra"]
[Source "ChessBase"]
[SourceDate "2018.08.24"]
[SourceVersion "1"]
[SourceVersionDate "2018.08.24"]
[SourceQuality "1"]

1. e4 c5 2. Nf3 d6 3. h3 Nc6 4. Nc3 g6 5. d4 cxd4 6. Nxd4 Bg7 7. Bb5 Bd7 8. Nf3 Qa5 9. Bd2 Qd8 10. 0-0 a6 11. Bc4 b5 12. Bd5 Rb8 13. Ng5 e6 14. Re1 Ne5 15. Bb3 h6 16. Nf3 Ne7 17. Nh2 Nc4 18. Bc1 Qb6 19. Bxc4 bxc4 20. Na4 Bxa4 21. Be3 Qc7 22. Rb1 0-0 23. Ng4 Kh7 24. Qd2 Ng8 25. Bf4 e5 26. Bg3 Bd7 27. Ne3 Be6 28. Red1 Rfd8 29. f4 exf4 30. Bxf4 Be5 31. Nd5 Bxd5 32. exd5 Bxf4 33. Qxf4 Rf8 34. Rd4 Qc5 35. Kh1 Ne7 36. Rxc4 Qxd5 37. Rd4 Qc5 38. Qc1 Nf5 39. Rd3 Qc4 40. Qd2 Rbd8 41. b3 Qc6 42. Rf1 Ng7 43. Rff3 f5 44. Rc3 Qb7 45. Rc4 Ne6 46. Rh4 g5 47. Rb4 Qd7 48. Qd5 Nc5 49. Rb6 Qe6 50. Qxc5 Qe1+ 51. Qg1 Qxg1+ 52. Kxg1 f4 53. Rd3 0-1

[Event "MVP-ch Seniors op 15th"]
[Site "Binz"]
[Date "2015.12.01"]
[Round "8.80"]
[White "Traut, Alexander"]
[Black "Ludwig, Siegfried"]
[Result "1-0"]
[WhiteElo "1286"]
[BlackElo "1403"]
[PlyCount "54"]
[EventDate "2015.11.24"]
[EventType "swiss"]
[EventRounds "9"]
[EventCountry "GER"]
[SourceTitle "EXT 2017"]
[Source "ChessBase"]
[SourceDate "2016.10.25"]
[SourceVersion "1"]
[SourceVersionDate "2016.10.25"]
[SourceQuality "1"]

1. e4 e5 2. Nf3 Nc6 3. Nc3 Nf6 4. d3 d6 5. g3 Be7 6. Bg2 h6 7. 0-0 Bg4 8. h3 Be6 9. Nh2 Nd4 10. Ne2 Qd7 11. g4 c5 12. c3 Nc6 13. f4 exf4 14. Bxf4 g5 15. Be3 Ne5 16. d4 Nc4 17. Bc1 Qc7 18. d5 Bd7 19. b3 Nb6 20. c4 a5 21. Bb2 Qd8 22. Ng3 Rg8 23. Qf3 Rg6 24. e5 dxe5 25. Bxe5 Be6 26. dxe6 fxe6 27. Rad1 Nbd7 1-0

[Event "MVP-ch Seniors op 15th"]
[Site "Binz"]
[Date "2015.11.28"]
[Round "5.72"]
[White "Ludwig, Siegfried"]
[Black "Moews, Harald"]
[Result "0-1"]
[WhiteElo "1403"]
[BlackElo "1629"]
[PlyCount "74"]
[EventDate "2015.11.24"]
[EventType "swiss"]
[EventRounds "9"]
[EventCountry "GER"]
[SourceTitle "EXT 2017"]
[Source "ChessBase"]
[SourceDate "2016.10.25"]
[SourceVersion "1"]
[SourceVersionDate "2016.10.25"]
[SourceQuality "1"]

1. e4 e6 2. Nf3 c6 3. Be2 d5 4. e5 f5 5. d4 Ne7 6. Nc3 Ng6 7. Ng5 Be7 8. Nh3 Nf8 9. a3 g6 10. Be3 h5 11. Qd2 Nh7 12. f4 Nd7 13. Ng5 Nxg5 14. fxg5 Nf8 15. h4 b5 16. Na2 a5 17. 0-0 Kf7 18. b4 Bb7 19. c3 Nd7 20. Nc1 axb4 21. cxb4 Qb6 22. Nd3 Ra7 23. Nc5 Nxc5 24. dxc5 Qc7 25. Bd4 Rha8 26. Ra2 Rxa3 27. Rfa1 Rxa2 28. Rxa2 Rxa2 29. Qxa2 Qb8 30. g3 Ke8 31. Kg2 Kd7 32. Kh3 Qd8 33. Qa3 Bxg5 34. hxg5 Qxg5 35. Be3 Qe7 36. Qa1 g5 37. Kg2 Qg7 0-1

[Event "MVP-ch Seniors op 14th"]
[Site "Binz"]
[Date "2014.12.01"]
[Round "7"]
[White "Staudinger, Karl"]
[Black "Ludwig, Siegfried"]
[Result "0-1"]
[WhiteElo "1024"]
[BlackElo "1458"]
[PlyCount "66"]
[EventDate "2014.11.25"]
[EventType "swiss"]
[EventRounds "9"]
[EventCountry "GER"]
[SourceTitle "EXT 2016"]
[Source "ChessBase"]
[SourceDate "2015.10.08"]
[SourceVersion "1"]
[SourceVersionDate "2015.10.08"]
[SourceQuality "1"]

1. c4 e5 2. g3 d6 3. Nc3 Nf6 4. Bg2 c6 5. Qb3 Be6 6. d3 Qd7 7. h3 Be7 8. Bd2 0-0 9. a3 Na6 10. Qc2 Rac8 11. Be3 b6 12. Bf3 d5 13. Rd1 Qc7 14. g4 d4 15. Bg5 dxc3 16. Bxf6 Bxf6 17. Qxc3 e4 18. Qd2 exf3 19. Nxf3 Rfd8 20. b3 Nc5 21. Qc2 Qf4 22. Kf1 b5 23. h4 bxc4 24. g5 Bd4 25. bxc4 Bg4 26. Nxd4 Qxd4 27. f3 Bf5 28. Rh2 Nxd3 29. e4 Be6 30. Rhd2 Bh3+ 31. Rg2 Qe3 32. Qe2 Qxe2+ 33. Kxe2 Nf4+ 0-1

[Event "MVP-ch Seniors op 14th"]
[Site "Binz"]
[Date "2014.11.30"]
[Round "6"]
[White "Ludwig, Siegfried"]
[Black "Kohn, Friedrich"]
[Result "0-1"]
[WhiteElo "1458"]
[BlackElo "1334"]
[PlyCount "128"]
[EventDate "2014.11.25"]
[EventType "swiss"]
[EventRounds "9"]
[EventCountry "GER"]
[SourceTitle "EXT 2016"]
[Source "ChessBase"]
[SourceDate "2015.10.08"]
[SourceVersion "1"]
[SourceVersionDate "2015.10.08"]
[SourceQuality "1"]

1. e4 e6 2. Bc4 b6 3. Nc3 Bb7 4. d3 Nf6 5. Nf3 d5 6. exd5 exd5 7. Qe2+ Qe7 8. Bb3 Qxe2+ 9. Nxe2 Nbd7 10. d4 Bd6 11. Bf4 Bxf4 12. Nxf4 0-0 13. 0-0 Rfe8 14. Ba4 c6 15. c3 Re4 16. Nd3 Rae8 17. Nfe5 Nxe5 18. Nxe5 b5 19. Bc2 Re2 20. Rac1 Ne4 21. f3 Nd2 22. Rf2 Rxf2 23. Kxf2 f6 24. Nd7 Nc4 25. b3 Nd6 26. Rb1 Bc8 27. Nc5 Bf5 28. Rc1 Bxc2 29. Rxc2 Nf5 30. Re2 Rxe2+ 31. Kxe2 b4 32. g4 Nd6 33. cxb4 Nb5 34. Kd3 Nc7 35. Nd7 Kf7 36. Nb8 a6 37. Nxc6 Ke6 38. Nd8+ Ke7 39. Nb7 g6 40. a4 Kd7 41. h4 h6 42. f4 Ke7 43. Ke3 Kd7 44. Nc5+ Kd6 45. b5 axb5 46. a5 Kc6 47. b4 g5 48. h5 Kd6 49. Nd3 Na6 50. Kd2 gxf4 51. Nxf4 Nxb4 52. Nd3 Nxd3 53. Kxd3 Kc7 54. Kc3 Kb7 55. Kb4 Ka6 56. Kc5 Kxa5 57. Kxd5 b4 58. Kc4 Ka4 59. Kd3 b3 60. Kd2 b2 61. Kc2 Kb4 62. Kxb2 Kc4 63. Kc2 Kxd4 64. Kd2 Ke4 0-1

[Event "MVP-ch Seniors op 14th"]
[Site "Binz"]
[Date "2014.11.25"]
[Round "1"]
[White "Tuertmann, Dieter"]
[Black "Ludwig, Siegfried"]
[Result "1-0"]
[WhiteElo "1846"]
[BlackElo "1458"]
[PlyCount "75"]
[EventDate "2014.11.25"]
[EventType "swiss"]
[EventRounds "9"]
[EventCountry "GER"]
[SourceTitle "EXT 2016"]
[Source "ChessBase"]
[SourceDate "2015.10.08"]
[SourceVersion "1"]
[SourceVersionDate "2015.10.08"]
[SourceQuality "1"]

1. Nf3 d6 2. d4 Nc6 3. c3 Nf6 4. g3 e5 5. Bg2 e4 6. Ng5 d5 7. f3 h6 8. Nh3 exf3 9. exf3 Qe7+ 10. Kf2 Be6 11. Re1 Qd7 12. Nf4 0-0-0 13. Nxe6 fxe6 14. Bh3 Re8 15. a4 Qf7 16. Kg1 Kb8 17. b4 Nd8 18. Bg2 Bd6 19. Ba3 h5 20. b5 Bxa3 21. Nxa3 g5 22. h3 Ref8 23. Rf1 b6 24. Nc2 c6 25. Nb4 Qb7 26. Qd2 Rhg8 27. Na6+ Kc8 28. Qe3 Nd7 29. Qe2 c5 30. dxc5 Nxc5 31. Nxc5 bxc5 32. a5 Qc7 33. Rfb1 Qxg3 34. b6 Rg7 35. Qa6+ Rb7 36. bxa7 Qc7 37. a8Q+ Kd7 38. Rxb7 1-0

[Event "Hessen-ch Seniors op 10th"]
[Site "Bad Sooden-Allendorf"]
[Date "2014.05.02"]
[Round "7"]
[White "Ludwig, Siegfried"]
[Black "Rollwitz, Inge"]
[Result "1-0"]
[WhiteElo "1663"]
[BlackElo "1500"]
[PlyCount "62"]
[EventDate "2014.04.26"]
[EventType "swiss"]
[EventRounds "9"]
[EventCountry "GER"]
[SourceTitle "EXT 2018"]
[Source "ChessBase"]
[SourceDate "2017.10.13"]
[SourceVersion "1"]
[SourceVersionDate "2017.10.13"]
[SourceQuality "1"]

1. e4 d6 2. Bc4 Nf6 3. Nc3 c6 4. d3 b5 5. Bb3 g6 6. h3 Bg7 7. Nce2 0-0 8. a3 Na6 9. Nf3 Nc5 10. Ba2 Nfd7 11. 0-0 Qc7 12. Nh2 Kh8 13. d4 Nxe4 14. Qd3 d5 15. Bf4 e5 16. dxe5 Bxe5 17. g3 Bxf4 18. Nxf4 Ndf6 19. Qd4 Qd6 20. Rae1 Kg8 21. Bxd5 cxd5 22. Nxd5 Qxd5 23. Qxd5 Nxd5 24. Rxe4 Bxh3 25. Rfe1 Nf6 26. Rf4 Rae8 27. Rd1 Bf5 28. g4 Bxc2 29. Rc1 Re2 30. Rxf6 Rfe8 31. Nf3 Kg7 1-0

[Event "Hessen-ch Seniors op 10th"]
[Site "Bad Sooden-Allendorf"]
[Date "2014.04.30"]
[Round "5"]
[White "Ludwig, Siegfried"]
[Black "Grueneschild, Hildegard"]
[Result "1/2-1/2"]
[WhiteElo "1663"]
[BlackElo "1562"]
[PlyCount "80"]
[EventDate "2014.04.26"]
[EventType "swiss"]
[EventRounds "9"]
[EventCountry "GER"]
[SourceTitle "EXT 2018"]
[Source "ChessBase"]
[SourceDate "2017.10.13"]
[SourceVersion "1"]
[SourceVersionDate "2017.10.13"]
[SourceQuality "1"]

1. e4 c5 2. Bc4 d6 3. Nc3 a6 4. a3 Nc6 5. h3 Nf6 6. d3 g6 7. Nf3 Bg7 8. 0-0 0-0 9. Be3 e6 10. Bg5 Qc7 11. Qd2 Re8 12. Bh6 Bh8 13. Rad1 Nd4 14. Nh2 b5 15. Ba2 Bb7 16. Ne2 Rac8 17. c3 Nxe2+ 18. Qxe2 a5 19. Qd2 Qc6 20. f3 Qb6 21. Qf2 Qc7 22. Rde1 c4 23. d4 d5 24. e5 Nd7 25. Qg3 f6 26. f4 Bg7 27. Ng4 fxe5 28. fxe5 Rf8 29. Bb1 Rxf1+ 30. Rxf1 Rf8 31. Bf4 Qd8 32. h4 Rf7 33. Bxg6 hxg6 34. Nh6+ Bxh6 35. Bxh6 Rxf1+ 36. Kxf1 Kh7 37. Qf4 Qe8 38. g4 Qg8 39. g5 b4 40. axb4 a4 1/2-1/2